000 00967nam a2200265 i 4500
003 DO-SdBNP
005 20240417091420.0
006 a||||gr|||| 00| 0
007 ta
008 240415e2005 dr ||||| |||| 00| 0 spa d
040 _aDO-SdBNP
_bspa
_cBNPHU
_erda
082 4 _222
_bC957a
100 1 _aCruz Mieses, Santiago de la
_924829
_eautor
245 1 4 _aLos acertijos /
_cSantiago de la Cruz Mieses
264 1 _aSanto Domingo :
_bUniversitaria- UASD,
_c2005
300 _a70 páginas ;
_c21 cm.
336 _2rdacontent
_atexto
_btxt
337 _2rdamedia
_asin mediación
_bn
338 _2rdacarrier
_avolumen
_bnc
490 _aLiteratura y Sociedad ;
_vNo. 55
500 _aCuentos tanto de la era de las Comunicaciones y el Conocimiento, como de la sociedad de consumo, para Desarrollar La Capacidad Pensante.
590 _aInventariado 2024 / MF
830 _aPublicaciones de la Universidad de Santo Domingo ;
_pvolumen 1235
_985245
942 _2ddc
_cLBS1
999 _c56410
_d56410